00656nam a22001697a 450000500170000001000130001702000260003003500110005603700130006708200130008010000450009324501110013824600760024926000520032527000870037730000220046420190617163919.0 aUR-10209 c300.00a9789387829626 aU-8764 bDBAD/PUB a420.3054 aو ا سيعہ بيگم شيخ ا حمد aہند ی نو و لوں ميں عو ر تو ں کے مسا ءلcو ا سيعہ بيگم شيخ ا حمد bHindi Novelon Mein Aurton ke Masaail Urdu)aby Wasia Begum Sheikh Ahmed a DelhibEducational Publishing Housec2018 ء  a3191،Vakil Street,Kucha Pandit,Lal Kuan,bDelhie110006k23216162l00911123211540 a266 صc22 Cm(Hb)